Raspberries and bramble fruits /
Saved in:
| Main Author: | |
|---|---|
| Other Authors: | |
| Format: | Book |
| Language: | English |
| Published: |
London [etc.] :
Letts,
1976.
|
| Series: | Letts guides
Letts grow |
| Subjects: |
| LEADER | 00966nam a2200289 a 4500 | ||
|---|---|---|---|
| 001 | c000174554 | ||
| 003 | CARM | ||
| 005 | 20041026155441.0 | ||
| 008 | 761029s1976 enka 000 0 eng d | ||
| 015 | |a B7631815 | ||
| 019 | 1 | |a 2593128 |5 LACONCORD2021 | |
| 020 | |a 0850971667 (Sd) | ||
| 035 | |a (OCoLC)16367097 |5 LACONCORD2021 | ||
| 040 | |a VCAV |b eng |c VCAV | ||
| 050 | 0 | 0 | |a SB381 |
| 082 | 0 | 4 | |a 634/.71 |
| 100 | 1 | |a Furner, Brian George. | |
| 245 | 1 | 0 | |a Raspberries and bramble fruits / |c [by] Brian Furner ; [illustrations by Stan Martin]. |
| 260 | |a London [etc.] : |b Letts, |c 1976. | ||
| 300 | |a 32 p : |b col ill ; |c 18 cm. | ||
| 440 | 0 | |a Letts guides | |
| 440 | 0 | |a Letts grow | |
| 650 | 0 | |a Berries. | |
| 700 | 1 | 2 | |a Martin, Stan. |
| 852 | 8 | |b CARM |h A2:AD34H0 |i A02925 |p 0244931 |f BK | |
| 999 | f | f | |i d0d6afd9-9dae-5c25-8914-3582a9f3ac72 |s f4bac68c-a437-5967-b756-7b03d4aff460 |
| 952 | f | f | |p Can circulate |a CAVAL |b CAVAL |c CAVAL |d CARM 1 Store |e A02925 |f A2:AD34H0 |h Other scheme |i book |m 0244931 |